000 00819nam a2200253 i 4500
001 000008891
005 20200929161432.0
008 790130s1976 cu 000 f spa
010 _a78109947
040 _aDO-SdBNP
_bspa
_CBNPHU
082 _aCu863.42
_bS685c
100 1 _aSoler Puig, José,
_d1916-1996
_923446
245 1 3 _aEl caserón /
_cJose Soler Puig.
260 _aLa Habana :
_bUnión de Escritores y Artistas de Cuba,
_c1976.
300 _a185 p. ;
_c18 cm.
490 1 _aContemporáneos
504 _aIncluye referecias bibliográficas y notas al pie de las páginas.
650 4 _aNovela cubana
_92316
650 4 _aLiteratura cubana
_91483
650 4 _aBrujería
_xNovela
_923447
650 4 _aCuba
_xHistoria
_923448
830 0 _aContemporáneos
_96941
910 _aValidado. Control de calidad MFF
999 _c8660
_d8660